[Event "CZE-ch Youth B12 2022"]
[Site "Luhacovice"]
[Date "2022.03.19"]
[Round "9.10"]
[White "Ruzicka, Oto"]
[Black "Sotek, Simon"]
[Result "0-1"]
[WhiteElo "1233"]
[BlackElo "1280"]
[Annotator "NA"]
[PlyCount "72"]
[EventDate "2022.03.12"]
[EventType "swiss"]
[EventCountry "CZE"]
[SourceTitle "playchess.com"]
[Source "ChessBase"]
[SourceQuality "1"]
[TimeControl "5400+30"]

1. e4 {[%emt 0:00:07]} e5 {[%emt 0:00:05]} 2. f4 {[%emt 0:00:20]} d6 {[%emt 0:00:44]} 3. Nf3 {[%emt 0:00:48]} Nc6 {[%emt 0:00:24]} 4. Bb5 {[%emt 0:00:55]} Bg4 {[%emt 0:02:39]} 5. O-O {[%emt 0:01:09]} Nf6 {[%emt 0:00:22]} 6. Nc3 {[%emt 0:00:27]} Be7 {[%emt 0:01:12]} 7. d3 {[%emt 0:00:50]} O-O {[%emt 0:00:27]} 8. Bxc6 {[%emt 0:01:28]} bxc6 {[%emt 0:00:12]} 9. Be3 {[%emt 0:00:17]} Nd7 {[%emt 0:01:54]} 10. Qd2 {[%emt 0:01:23]} f5 {[%emt 0:03:31]} 11. Rae1 {[%emt 0:05:22]} Bf6 {[%emt 0:04:02]} 12. h3 {[%emt 0:05:06]} Bxf3 {[%emt 0:00:41]} 13. Rxf3 {[%emt 0:00:11]} fxe4 {[%emt 0:01:30]} 14. Nxe4 {[%emt 0:00:50]} exf4 {[%emt 0:03:29]} 15. Nxf6+ {[%emt 0:02:49]} Qxf6 {[%emt 0:00:50]} 16. Bxf4 {[%emt 0:01:13]} Qxb2 {[%emt 0:02:10]} 17. Re7 {[%emt 0:02:10]} Nf6 {[%emt 0:01:25]} 18. Rxc7 {[%emt 0:05:40]} Qb6+ {[%emt 0:00:11]} 19. Be3 {[%emt 0:02:19]} Qxc7 {[%emt 0:00:15]} 20. Rg3 {[%emt 0:00:45]} Rf7 {[%emt 0:01:21]} 21. Qe2 {[%emt 0:02:21]} Raf8 {[%emt 0:01:13]} 22. Bd4 {[%emt 0:06:25]} d5 {[%emt 0:02:37]} 23. Rf3 {[%emt 0:06:47]} c5 {[%emt 0:03:08]} 24. Bc3 {[%emt 0:01:21]} d4 {[%emt 0:00:43]} 25. Bd2 {[%emt 0:00:39]} Qe7 {[%emt 0:00:53]} 26. Qd1 {[%emt 0:04:28]} Nd7 {[%emt 0:00:40]} 27. Rxf7 {[%emt 0:04:38]} Qxf7 {[%emt 0:00:14]} 28. Qg4 {[%emt 0:01:34]} Qf2+ {[%emt 0:01:53]} 29. Kh2 {[%emt 0:00:07]} Qxd2 {[%emt 0:00:29]} 30. Qxd7 {[%emt 0:00:14]} Qxc2 {[%emt 0:00:28]} 31. Qe6+ {[%emt 0:03:16]} Kh8 {[%emt 0:00:10]} 32. Qe7 {[%emt 0:00:25]} Rg8 {[%emt 0:00:23]} 33. Qxa7 {[%emt 0:01:00]} Qxd3 {[%emt 0:00:17]} 34. Qxc5 {[%emt 0:00:15]} Qc3 {[%emt 0:00:34]} 35. Qe5 {[%emt 0:01:09]} Rc8 {[%emt 0:00:20]} 36. a4 {[%emt 0:01:36]} Qc7 {[%emt 0:00:12]} 0-1

[Event "CZE-ch Youth B12 2022"]
[Site "Luhacovice"]
[Date "2022.03.19"]
[Round "9.11"]
[White "Pasek, Josef"]
[Black "Stejskal, Jakub"]
[Result "1/2-1/2"]
[WhiteElo "1351"]
[BlackElo "1557"]
[Annotator "NA"]
[PlyCount "61"]
[EventDate "2022.03.12"]
[EventType "swiss"]
[EventCountry "CZE"]
[SourceTitle "playchess.com"]
[Source "ChessBase"]
[SourceQuality "1"]
[TimeControl "5400+30"]

1. d4 {[%emt 0:00:03]} e6 {[%emt 0:00:05]} 2. Nf3 {[%emt 0:01:18]} d5 {[%emt 0:00:11]} 3. g3 {[%emt 0:00:30]} c5 {[%emt 0:00:15]} 4. Bg2 {[%emt 0:01:10]} Nc6 {[%emt 0:00:29]} 5. O-O {[%emt 0:01:17]} Nf6 {[%emt 0:00:40]} 6. c4 {[%emt 0:01:02]} Be7 {[%emt 0:00:35]} 7. Nc3 {[%emt 0:01:02]} cxd4 {[%emt 0:01:58]} 8. Nxd4 {[%emt 0:02:02]} O-O {[%emt 0:01:12]} 9. cxd5 {[%emt 0:01:29]} exd5 {[%emt 0:00:27]} 10. e3 {[%emt 0:06:42]} Qd7 {[%emt 0:19:18]} 11. b3 {[%emt 0:04:33]} Rd8 {[%emt 0:07:25]} 12. Bb2 {[%emt 0:05:12]} Rb8 {[%emt 0:05:16]} 13. Nce2 {[%emt 0:13:11]} Nxd4 {[%emt 0:13:39]} 14. Nxd4 {[%emt 0:00:36]} b6 {[%emt 0:02:23]} 15. Rc1 {[%emt 0:02:29]} Bb7 {[%emt 0:02:24]} 16. Qe2 {[%emt 0:07:23]} a6 {[%emt 0:09:20]} 17. Rc2 {[%emt 0:08:42]} Rbc8 {[%emt 0:05:27]} 18. Rfc1 {[%emt 0:02:22]} Rxc2 {[%emt 0:02:34]} 19. Rxc2 {[%emt 0:00:07]} Rc8 {[%emt 0:00:04]} 20. a4 {[%emt 0:05:40]} Ne4 {[%emt 0:03:22]} 21. Bxe4 {[%emt 0:10:59]} dxe4 {[%emt 0:01:07]} 22. Rd2 {[%emt 0:00:17]} Qd5 {[%emt 0:03:23]} 23. Nb5 {[%emt 0:07:37]} Qe6 {[%emt 0:06:36]} 24. Nd4 {[%emt 0:00:31]} Qd5 {[%emt 0:01:40]} 25. Nb5 {[%emt 0:00:37]} Qf5 {[%emt 0:01:43]} 26. Nd6 {[%emt 0:02:08]} Bxd6 {[%emt 0:00:33]} 27. Rxd6 {[%emt 0:00:05]} Qc5 {[%emt 0:00:47]} 28. Qd2 {[%emt 0:00:19]} h6 {[%emt 0:00:33]} 29. Rd8+ {[%emt 0:00:44]} Rxd8 {[%emt 0:00:19]} 30. Qxd8+ {[%emt 0:00:17]} Kh7 {[%emt 0:00:06]} 31. Qd4 1/2-1/2

[Event "CZE-ch Youth B12 2022"]
[Site "Luhacovice"]
[Date "2022.03.19"]
[Round "9.12"]
[White "Knapek, Jan"]
[Black "Jansky, Adam"]
[Result "1-0"]
[WhiteElo "1340"]
[BlackElo "1233"]
[Annotator "NA"]
[PlyCount "141"]
[EventDate "2022.03.12"]
[EventType "swiss"]
[EventCountry "CZE"]
[SourceTitle "playchess.com"]
[Source "ChessBase"]
[SourceQuality "1"]
[TimeControl "5400+30"]

1. e4 {[%emt 0:00:58]} e5 {[%emt 0:00:04]} 2. Nf3 {[%emt 0:01:08]} Nc6 {[%emt 0:00:08]} 3. Nc3 {[%emt 0:00:40]} Nf6 {[%emt 0:00:06]} 4. d4 {[%emt 0:01:17]} exd4 {[%emt 0:01:26]} 5. Nxd4 {[%emt 0:00:58]} Bb4 {[%emt 0:00:11]} 6. Nxc6 {[%emt 0:00:59]} Bxc3+ {[%emt 0:00:18]} 7. bxc3 {[%emt 0:02:02]} bxc6 {[%emt 0:00:06]} 8. Bd3 {[%emt 0:00:12]} O-O {[%emt 0:01:20]} 9. O-O {[%emt 0:01:00]} d5 {[%emt 0:00:28]} 10. exd5 {[%emt 0:00:41]} cxd5 {[%emt 0:00:28]} 11. Bg5 {[%emt 0:01:46]} h6 {[%emt 0:02:17]} 12. Bh4 {[%emt 0:00:58]} Qd6 {[%emt 0:00:19]} 13. Qf3 {[%emt 0:02:10]} Ng4 {[%emt 0:05:17]} 14. Bg3 {[%emt 0:01:50]} Qd8 {[%emt 0:05:06]} 15. Rfd1 {[%emt 0:02:45]} Nf6 {[%emt 0:00:36]} 16. h3 {[%emt 0:02:20]} Re8 {[%emt 0:05:35]} 17. c4 {[%emt 0:02:20]} Bb7 {[%emt 0:03:14]} 18. cxd5 {[%emt 0:01:18]} Bxd5 {[%emt 0:01:54]} 19. Qf4 {[%emt 0:01:44]} c6 {[%emt 0:02:49]} 20. c4 {[%emt 0:05:46]} Nh5 {[%emt 0:01:54]} 21. Qc1 {[%emt 0:02:32]} Nxg3 {[%emt 0:00:17]} 22. cxd5 {[%emt 0:00:51]} Nh5 {[%emt 0:00:57]} 23. dxc6 {[%emt 0:01:45]} Qc7 {[%emt 0:00:19]} 24. Bc4 {[%emt 0:02:46]} Re7 {[%emt 0:04:01]} 25. Rb1 {[%emt 0:01:28]} Rb8 {[%emt 0:03:15]} 26. Rxb8+ {[%emt 0:02:01]} Qxb8 {[%emt 0:00:19]} 27. Rd7 {[%emt 0:00:49]} Rxd7 {[%emt 0:00:53]} 28. cxd7 {[%emt 0:01:04]} Qd6 {[%emt 0:00:18]} 29. Be2 {[%emt 0:01:20]} Qxd7 {[%emt 0:01:30]} 30. Bxh5 {[%emt 0:01:22]} Qb5 {[%emt 0:01:04]} 31. Bf3 {[%emt 0:01:18]} Qb8 {[%emt 0:01:02]} 32. Qc6 {[%emt 0:01:29]} Qb1+ {[%emt 0:01:43]} 33. Kh2 {[%emt 0:01:24]} Qxa2 {[%emt 0:00:32]} 34. Qe8+ {[%emt 0:01:40]} Kh7 {[%emt 0:00:04]} 35. Be4+ {[%emt 0:01:39]} g6 {[%emt 0:00:07]} 36. Bf3 {[%emt 0:01:11]} a5 {[%emt 0:00:57]} 37. Qd7 {[%emt 0:01:05]} Kg7 {[%emt 0:01:50]} 38. Qd5 {[%emt 0:00:40]} Qa1 {[%emt 0:01:37]} 39. Bd1 {[%emt 0:03:31]} a4 {[%emt 0:00:10]} 40. f4 {[%emt 0:00:55]} a3 {[%emt 0:00:22]} 41. Bb3 {[%emt 0:01:07]} Qf6 {[%emt 0:00:08]} 42. Qe5 {[%emt 0:00:11]} Qxe5 {[%emt 0:00:41]} 43. fxe5 {[%emt 0:00:15]} g5 {[%emt 0:00:55]} 44. e6 {[%emt 0:00:11]} fxe6 {[%emt 0:00:29]} 45. Bxe6 {[%emt 0:00:11]} Kf6 {[%emt 0:00:06]} 46. Ba2 {[%emt 0:00:08]} Kf5 {[%emt 0:00:18]} 47. Kg3 {[%emt 0:00:46]} h5 {[%emt 0:00:28]} 48. Bb1+ {[%emt 0:01:23]} Kf6 {[%emt 0:00:58]} 49. h4 {[%emt 0:01:35]} g4 {[%emt 0:00:35]} 50. Kf4 {[%emt 0:00:11]} g3 {[%emt 0:01:20]} 51. Kxg3 {[%emt 0:00:45]} Ke5 {[%emt 0:00:23]} 52. Ba2 {[%emt 0:00:36]} Ke4 {[%emt 0:00:36]} 53. Kf2 {[%emt 0:01:06]} Kf4 {[%emt 0:00:13]} 54. g3+ {[%emt 0:00:34]} Kf5 {[%emt 0:00:36]} 55. Kf3 {[%emt 0:00:22]} Kg6 {[%emt 0:00:17]} 56. Kf4 {[%emt 0:00:14]} Kf6 {[%emt 0:01:13]} 57. Bb3 {[%emt 0:00:19]} Kg6 {[%emt 0:00:40]} 58. Ke5 {[%emt 0:00:16]} Kg7 {[%emt 0:00:41]} 59. Kf5 {[%emt 0:00:40]} Kh6 {[%emt 0:00:06]} 60. Kf6 {[%emt 0:00:15]} Kh7 {[%emt 0:00:34]} 61. Kg5 {[%emt 0:01:17]} Kg7 {[%emt 0:00:09]} 62. Kxh5 {[%emt 0:00:27]} Kh7 {[%emt 0:00:05]} 63. g4 {[%emt 0:00:15]} Kg7 {[%emt 0:00:05]} 64. g5 {[%emt 0:00:50]} Kh7 {[%emt 0:00:07]} 65. g6+ {[%emt 0:00:40]} Kg7 {[%emt 0:00:16]} 66. Kg5 {[%emt 0:00:19]} a2 {[%emt 0:00:23]} 67. Bxa2 {[%emt 0:00:18]} Kh8 {[%emt 0:00:04]} 68. Bb1 {[%emt 0:00:29]} Kg8 {[%emt 0:00:13]} 69. Kh6 {[%emt 0:00:37]} Kh8 {[%emt 0:00:22]} 70. g7+ {[%emt 0:00:07]} Kg8 {[%emt 0:00:01]} 71. Ba2# {[%emt 0:00:14]} 1-0